000 00589nam a2200229Ia 4500
003 OSt
005 20221005123212.0
006 a|||||r|||| 00| 0
007 ta
008 221004b |||||||| |||| 00| 0 per d
024 _a13488
037 _cTextual
040 _aCRL
_cCRL
_bper
041 _2per
_aper
082 _aV45:1.D62, 164M0
100 _aAzizullah Au.
_9633330
245 0 _aKulliyat-e-Tareekh-o-Tamadon Iran
260 _c1980
650 _aIRAN - HISTORY
942 _hV45:1.D62, 164M0
_cTEXL
_2cc
999 _c1046706
_d1046706